| 000 | 00746nam a2200217Ia 4500 | ||
|---|---|---|---|
| 999 |
_c52923 _d52923 |
||
| 001 | 19953 | ||
| 003 | GE_BSU | ||
| 005 | 20200519232658.0 | ||
| 008 | 181216s1982||||ge |||||||||||||| ||geo|| | ||
| 040 | _cGE_BSU | ||
| 041 | _ageo | ||
| 080 | _a811.353.1-825=161.1 გ-65 | ||
| 100 |
_aგოლეთიანი, გ. _98108 |
||
| 245 |
_aქართულ-რუსული სასაუბრო / _cგ. გოლეთიანი. |
||
| 264 |
_aთბილისი : _bთბილ. უნ-ტის გამ-ბა, _c1982. |
||
| 300 |
_a176 გვ. ; _c19 სმ. |
||
| 541 | _h2ლ. | ||
| 653 | _aქართული ენა | ||
| 653 | _aქართულ-რუსული სასაუბრო | ||
| 942 |
_cBK _2udc |
||